03152nam a2200205Ia 4500999001700000003000400017005001700021008004100038082001800079100001800097245006700115260009200182502000900274520232900283700002902612856005702641856011802698942001202816952011802828 c25240d25240OSt20220115153102.0140128s9999 xx 000 0 und d a636.5bJOH/EF aJohn Jacob E  aEffect of housing systems on performance of broilers in summer aMannuthybDepartment of Poultry Science, College of Veterinary and Animal Sciencec1991 bMVSc3 aA study was undertaken to quantamise the performance of broilers during three to eight weeks of age under three systems of rearing namely deep litter (DL), deep litter with fanned environment (DLF) and wire floor (WF) in a house with ACC roofing. The deep litter system of rearing broilers in a house with tile roofing (DLT) was also studied and compared with the above systems. Each system consisted of five replicates of 28 chicks each. Wood shavings were used as litter material in deep litter system. Plastic hexagonal mesh was used in wire floor system. Pedestal fan were used for providing fanned environment. Dry mash was fed throughout the study. Feed and water were provided ad libitum. Standard managemental practices were followed identically in all systems of rearing. It was observed that the eighth week body weight and cumulative feed efficiency were numerically better with broilers reared in the house with tile roof. The cumulative feed intake per broiler during the period from zero to eight weeks of age was low during summer with all rearing systems studied. The cumulative feed efficiency was adversely affected by rearing broilers on DL with fanned environment. A marked reduction in maximum temperature inside the house, per cent relative humidity at the level of birds and cloacal temperature of birds were noticed in broilers reared with deep litter system in the house with tile roofing. The overall mean per cent relative humidity inside the house was found to be 82.5 per cent in the morning and 49.0 per cent in the afternoon during summer. Livability was not affected by any of the housing system. Among the different rearing systems, a reduction in ready to cook yield was observed in broilers reared with deep litter system in the house with ACC roofing. The returns over cost of feeding broilers revealed that it was Rs 7.99 per broiler with deep litter system of rearing in the house with tiled roof. In the house with ACC roofing, the returns over feeding cost in various systems were comparatively lower. From the above findings, it was concluded that rearing of broilers on deep litter system in a house with tiled roof was preferable in comparison with deep litter and wire floor system of rearing in a house with asbestos roofing, during summer season under hot humid environment.  aPeethambaran P A (Guide) uhttps://krishikosh.egranth.ac.in/handle/1/5810094895 uhttps://krishikosh.egranth.ac.in/displaybitstream?handle=1/5810094895&fileid=8da5f7ef-d2bc-4c45-a109-62b6f135dc77 2ddccTH 00102ddc4070aKAUCLVbKAUCLVcTHESESd2014-03-18l0o636.5 JOH/EFp170284r2014-03-18 00:00:00w2014-03-18yTH